[Event "Horgen-B"]
[Site "Horgen"]
[Date "1995.??.??"]
[Round "7"]
[White "Masserey, Yvan"]
[Black "Cramling, Pia"]
[Result "0-1"]
[WhiteElo "2350"]
[BlackElo "2510"]

1.e4 c5 2.Nf3 e6 3.d4 cxd4 4.Nxd4 Nc6 5.Nc3 Qc7 6.f4 Nxd4 7.Qxd4 a6 8.Be2 b5
9.Be3 Bb7 10.O-O-O Rc8 11.Rd2 Nf6 12.Bf3 Be7 13.g4 Bc5 14.Qxc5 Qxc5 15.Bxc5 Rxc5
16.g5 Ng8 17.Rhd1 Rc7 18.Rd4 Ne7 19.a4 Nc6 20.Rd6 b4 21.Ne2 h6 22.h4 hxg5
23.hxg5 Rh3 24.R6d3 Na5 25.Nd4 Rh4 26.Ne2 Rh2 27.Nd4 Rh4 28.Ne2 b3 29.c3 e5
30.Rh1 Rxh1+ 31.Bxh1 Rc4 32.f5 Rxa4 33.Ng3 Ra1+  0-1

[Event "HUN-chT1"]
[Site "HUN"]
[Date "1995.??.??"]
[Round "?"]
[White "Grabics, Monika"]
[Black "Boronyak, Arpad"]
[Result "1-0"]
[WhiteElo "2315"]
[BlackElo "2310"]

1.e4 c5 2.Nf3 e6 3.d4 cxd4 4.Nxd4 Nc6 5.Nc3 Qc7 6.f4 d6 7.Be3 Nf6 8.Qf3 Nxd4
9.Bxd4 e5 10.fxe5 dxe5 11.Qg3 Bd6 12.Qxg7 Rg8 13.Qxf6 exd4 14.Bb5+ Bd7 15.O-O Rf8
16.Bxd7+ Qxd7 17.Nd5 Qe6 18.Qxd4 O-O-O 19.Rad1 b6 20.b4 Be5 21.Qd3 Kb8 22.c4 f6
23.c5 f5 24.cxb6 axb6 25.Qh3 Qd6 26.Rxf5 Rxf5 27.Qxf5 Bxh2+ 28.Kh1 Be5 29.Rf1 h5
30.Qf2 Kb7 31.a4 h4 32.a5 h3 33.gxh3 Rh8 34.Qf7+ Ka6 35.Qf3 Qd7 36.Qd3+ Kb7
37.Rf3 Qc6 38.Nxb6 Qc1+ 39.Rf1 Qc6 40.Rf7+ Bc7 41.Qd5 Rxh3+ 42.Kg2 Rh2+ 43.Kg1 Rb2
44.Rxc7+ Kxc7 45.Na8+  1-0

[Event "HUN-chT1"]
[Site "HUN"]
[Date "1995.??.??"]
[Round "?"]
[White "Gemesi, Andras"]
[Black "Medvegy, Nora"]
[Result "1-0"]
[WhiteElo "2195"]
[BlackElo "2235"]

1.e4 c5 2.Nf3 e6 3.d4 cxd4 4.Nxd4 Nc6 5.Nc3 Qc7 6.Be3 a6 7.Be2 Nf6 8.O-O Bb4
9.Nxc6 bxc6 10.Na4 O-O 11.Qd4 Bd6 12.h3 Rb8 13.c4 Rb4 14.Nc3 Rxb2 15.Nb5 Bh2+
16.Kh1 Rxb5 17.cxb5 Be5 18.Qd3 Bxa1 19.Rxa1 cxb5 20.Rc1 Qe5 21.Bf3 Bb7 22.Bd4 Qf4
23.Re1 d6 24.g3 Qh6 25.Kg2 Ne8 26.h4 e5 27.Be3 Qe6 28.a3 f5 29.Kg1 Qc4 30.Qxc4+ bxc4
31.Be2 fxe4 32.Bxc4+ d5 33.Ba2 Nf6 34.Bg5 Kh8 35.Rb1 Bc6 36.Rb6 Rc8 37.Rxa6 d4
38.Be6 Rc7 39.Rb6 h6 40.Bd2 Bd7 41.Bb3 Ng4 42.Rb8+ Kh7 43.Bg8+ Kg6 44.Rb6+ Rc6
45.Rb7 Bc8 46.h5+ Kxh5 47.Rxg7 Bf5 48.Bf7+ Bg6 49.Rxg6 Rxg6 50.a4 e3 51.fxe3 dxe3
52.Bc3 Kg5 53.Bxg6 Kxg6 54.a5 Nf6 55.a6 Nd5 56.Ba5 e2 57.Kf2  1-0

[Event "HUN-chT1"]
[Site "HUN"]
[Date "1995.??.??"]
[Round "?"]
[White "Kun, Sandor"]
[Black "Medvegy, Nora"]
[Result "0-1"]
[WhiteElo "2245"]
[BlackElo "2235"]

1.e4 c5 2.Nf3 e6 3.d4 cxd4 4.Nxd4 Nc6 5.Nc3 Qc7 6.g3 a6 7.Bf4 d6 8.Nb3 Nf6
9.Qd2 Ne5 10.O-O-O Be7 11.Be2 O-O 12.f3 b5 13.a3 Rb8 14.Bxe5 dxe5 15.g4 Rd8
16.Qe3 Bd7 17.h4 a5 18.h5 a4 19.Nd2 Bc5 20.Qg5 h6 21.Qh4 Be3 22.Qe1 b4 23.Nb1 Qb6
24.axb4 Qxb4 25.b3 axb3 26.c3 b2+  0-1

[Event "HUN-chT1"]
[Site "HUN"]
[Date "1995.??.??"]
[Round "?"]
[White "Kun, Sandor"]
[Black "Horvath, Zoltan"]
[Result "0-1"]
[WhiteElo "2245"]
[BlackElo "2355"]

1.e4 c5 2.Nf3 e6 3.d4 cxd4 4.Nxd4 Nc6 5.Nc3 Qc7 6.g3 a6 7.Bg2 d6 8.O-O Bd7
9.Be3 Be7 10.Qe1 Nf6 11.h3 b5 12.a4 b4 13.Nce2 Rb8 14.Qd2 O-O 15.g4 Rfc8
16.Rfc1 Nxd4 17.Bxd4 Bc6 18.Ng3 Qb7 19.Qd3 e5 20.Be3 d5 21.exd5 Bxd5 22.Bxd5 Nxd5
23.Nf5 Bc5 24.Qe4 Nxe3 25.Qxb7 Rxb7 26.Nxe3 Bxe3 27.fxe3 Rbc7 28.c3 bxc3
29.b4 f6 30.b5 axb5 31.axb5 Rb8 32.Rab1 Kf7 33.Kf2 Kg6 34.Rc2 h5 35.Kg3 hxg4
36.hxg4 Kg5 37.Rb4 Rc5 38.b6 Rc6 39.e4 Rbxb6 40.Rxb6 Rxb6 41.Rxc3 Rb1 42.Rf3 Rg1+
43.Kh3 g6  0-1

[Event "HUN-chT1"]
[Site "HUN"]
[Date "1995.??.??"]
[Round "?"]
[White "Masat, Adam"]
[Black "Monda, Laszlo"]
[Result "0-1"]
[WhiteElo "2265"]
[BlackElo "2170"]

1.e4 c5 2.Nf3 e6 3.Nc3 Nc6 4.d4 cxd4 5.Nxd4 Qc7 6.g3 a6 7.Bg2 Bc5 8.Nde2 b5
9.O-O Bb7 10.b3 Nf6 11.Bb2 Ne5 12.a3 h5 13.Qd2 h4 14.Qg5 hxg3 15.hxg3 Neg4
16.Nd1 Rh5 17.Qxg7 Bf8 18.Bxf6 Bxg7 19.Bxg7 f6 20.Bf3 Rh7 21.Bxg4 Rxg7 22.Bf3 f5
23.Ndc3 Kf7 24.Rad1 Rag8 25.Kg2 Kf8 26.Rd2 Qe5  0-1

[Event "HUN-chT1"]
[Site "HUN"]
[Date "1995.??.??"]
[Round "?"]
[White "Masat, Adam"]
[Black "Horvath, Zoltan"]
[Result "0-1"]
[WhiteElo "2265"]
[BlackElo "2355"]

1.e4 c5 2.Nf3 e6 3.Nc3 Nc6 4.d4 cxd4 5.Nxd4 a6 6.Be3 Nf6 7.Nxc6 bxc6 8.e5 Nd5
9.Nxd5 exd5 10.Bd3 d6 11.exd6 Bxd6 12.Qh5 g6 13.Qh6 Bf8 14.Qf4 Bd6 15.Qf3 O-O
16.O-O Be5 17.c3 Rb8 18.Rab1 Qd6 19.h3 c5 20.Bh6 Rd8 21.Rfe1 Bb7 22.Qg4 d4
23.c4 Bc6 24.f4 Bg7 25.Bg5 Re8 26.f5 Rxe1+ 27.Rxe1 Rxb2 28.fxg6 hxg6 29.Re2 Rxe2
30.Qxe2 Qg3 31.Bd2 Bxg2 32.Qxg2 Qxd3 33.h4 Qxc4 34.h5 d3 35.hxg6 Qd4+ 36.Kh1 Qh4+
37.Kg1 Bd4+ 38.Kf1 Qf6+ 39.Ke1 Qxg6 40.Qxg6+ fxg6  0-1

[Event "Papp Bela mem"]
[Site "HUN"]
[Date "1995.??.??"]
[Round "?"]
[White "Horvath, Andras"]
[Black "Boros, Daniel"]
[Result "1-0"]
[WhiteElo "2240"]
[BlackElo "2325"]

1.e4 c5 2.Nf3 e6 3.d4 cxd4 4.Nxd4 Nc6 5.Nc3 Qc7 6.Be2 a6 7.O-O Nf6 8.a3 Be7
9.Be3 O-O 10.f4 d6 11.Qe1 Na5 12.Qg3 Nc4 13.Bxc4 Qxc4 14.Rad1 Bd7 15.e5 Ne8
16.f5 exf5 17.Nxf5 Bxf5 18.Rxf5 dxe5 19.Qxe5 Bf6 20.Qe4 Qxe4 21.Nxe4 Bxb2
22.Bc5 g6 23.Rff1 f5 24.Bxf8 Kxf8 25.g4 Ng7 26.gxf5 Nxf5 27.Nd6 Bxa3 28.Nxf5 gxf5
29.Rxf5+ Ke7 30.Re1+ Kd6 31.Rf7 b5 32.Rxh7 Bc5+ 33.Kg2 a5 34.Rh6+ Kc7 35.Re5 Rg8+
36.Kf3 Bf8 37.Ra6 Rh8 38.Ra8 Rh3+ 39.Kg2 Rxh2+ 40.Kxh2 Bd6 41.Re8  1-0

[Event "HUN-chT1 9596"]
[Site "HUN"]
[Date "1995.??.??"]
[Round "1"]
[White "Farkas, Gyula"]
[Black "Szabolcsi, Janos"]
[Result "1/2-1/2"]
[WhiteElo "2195"]
[BlackElo "2475"]

1.e4 c5 2.Nf3 e6 3.Nc3 Nc6 4.d4 cxd4 5.Nxd4 Qc7 6.g3 a6 7.Bg2 Nf6 8.O-O Bc5
9.Nb3 Ba7 10.Bf4 Ne5 11.Qe2 d6 12.Rad1 O-O 13.h3 b5 14.a3 Bb7 15.Nd2 Bc5
16.Rfe1 Bxa3 17.Nxb5 axb5 18.Bxe5 dxe5 19.bxa3 Bc6 20.c4 bxc4 21.Nxc4 Bb5
22.Rc1 Ra4 23.Bf1 Qa7 24.Qb2 Bxc4 25.Rxc4 Rxc4 26.Bxc4 Rd8 27.Qxe5 Qxa3 28.Qc7 Rd4
29.e5 Nd7 30.Qd8+ Qf8 31.Qxf8+ Kxf8 32.Bb5 Nb6 33.Kg2 g5 34.Bc6 h6 35.Rb1 Nd5
36.Bxd5 exd5 37.Rb6 Re4 38.Rxh6 Rxe5 39.h4 Ke7 40.hxg5 Rxg5 41.f4 Rg8 42.Kf3 Ra8
43.g4 Ra3+ 44.Ke2 d4 45.g5 Re3+ 46.Kd2 Rf3 47.Rf6 Rg3 48.Ke2 Re3+ 49.Kd2 Rg3  1/2-1/2

[Event "HUN-chT2 9596"]
[Site "HUN"]
[Date "1995.??.??"]
[Round "2"]
[White "Kakuk, Sandor"]
[Black "Letreguilly, Olivier"]
[Result "1/2-1/2"]
[WhiteElo "2225"]
[BlackElo "2300"]

1.e4 c5 2.Nf3 e6 3.d4 cxd4 4.Nxd4 Nc6 5.Nc3 a6 6.Be3 Qc7 7.Bd3 Nf6 8.O-O b5
9.Nxc6 Qxc6 10.e5 Bb7 11.Qf3 Qxf3 12.gxf3 Nd5 13.Nxd5 Bxd5 14.Be4 Bxe4 15.fxe4 d6
16.exd6 Bxd6 17.Rfd1 Ke7 18.Rd3  1/2-1/2

[Event "HUN-chT2 9596"]
[Site "HUN"]
[Date "1995.??.??"]
[Round "2"]
[White "Veroci, Zsuzsa"]
[Black "Somogyi, Istvan"]
[Result "1/2-1/2"]
[WhiteElo "2305"]
[BlackElo "2270"]

1.e4 c5 2.Nf3 e6 3.d4 cxd4 4.Nxd4 Nc6 5.Nc3 Qc7 6.g3 a6 7.Bg2 Nf6 8.O-O d6
9.a4 Be7 10.Nb3 b6 11.f4 Bb7 12.Be3 Rc8 13.Qe2 O-O 14.g4 Nb4 15.g5 Nd7 16.Rad1 a5
17.Rf2 Bc6 18.Nd4 Nc5 19.Ncb5 Qb8 20.c3 Nba6 21.Nxc6 Rxc6 22.f5 Re8 23.f6 Bf8
24.fxg7 Bxg7 25.Qh5 Re7 26.Rdf1 Qf8 27.e5 d5 28.Bd4 Nd3 29.Rf3 Nxe5 30.Rh3 Qb8
31.Qxh7+ Kf8 32.Qh8+ Bxh8 33.Rxh8+ Kg7 34.Rxb8 Nxb8 35.Bxe5+ Kg6 36.Bxb8 Kxg5
37.Be5 f5 38.Rf3 Rc4 39.b3 Rg4 40.h3  1/2-1/2

[Event "HUN-chT2 9596"]
[Site "HUN"]
[Date "1995.??.??"]
[Round "4"]
[White "Veroci, Zsuzsa"]
[Black "Hardicsay, Peter"]
[Result "1/2-1/2"]
[WhiteElo "2305"]
[BlackElo "2365"]

1.e4 c5 2.Nf3 Nc6 3.Nc3 e6 4.d4 cxd4 5.Nxd4 Nf6 6.Bf4 d6 7.Bg3 e5 8.Nb3 Be6
9.Bh4 Be7 10.Bxf6 Bxf6 11.Nd5 Bg5 12.Be2 O-O 13.O-O Rc8 14.c3 Kh8 15.Bg4  1/2-1/2

[Event "HUN-chT1 9596"]
[Site "HUN"]
[Date "1995.??.??"]
[Round "4"]
[White "Farago, Sandor"]
[Black "Monda, Laszlo"]
[Result "1-0"]
[WhiteElo "2360"]
[BlackElo "2170"]

1.e4 c5 2.Nf3 e6 3.d4 cxd4 4.Nxd4 Nc6 5.Nc3 Qc7 6.Nxc6 bxc6 7.Bd3 Nf6 8.O-O e5
9.Be3 d6 10.h3 Be6 11.f4 Rd8 12.fxe5 dxe5 13.Qf3 Nd7 14.Nd5 Qb7 15.Ba6 Qb8
16.b4 f6 17.c4 cxd5 18.exd5 Bf7 19.c5 Qxb4 20.c6 Qa5 21.cxd7+ Rxd7 22.Qe2 Rxd5
23.Bc4 Bc5 24.Bxd5 Bxd5 25.Rac1 Bxe3+ 26.Qxe3 O-O 27.Qc5 Qb6 28.Kh2 Qb7 29.Rb1 Qf7
30.a4 Be4 31.Rb4 Qd5 32.Qf2 h6  1-0

[Event "HUN-chT1 9596"]
[Site "HUN"]
[Date "1995.??.??"]
[Round "5"]
[White "Szabolcsi, Janos"]
[Black "Fancsy, Imre"]
[Result "1-0"]
[WhiteElo "2470"]
[BlackElo "2365"]

1.e4 c5 2.Nf3 e6 3.d4 cxd4 4.Nxd4 Nc6 5.Nc3 Qc7 6.Be2 a6 7.O-O Nf6 8.Kh1 Nxd4
9.Qxd4 Bc5 10.Qd3 b5 11.f4 Bb7 12.Bf3 O-O 13.e5 Ne8 14.Ne4 Be7 15.a4 b4 16.Be3 d6
17.Bd4 Rd8 18.Qe3 Rc8 19.Rfc1 Bxe4 20.Bxe4 dxe5 21.Bxe5 Qa5 22.Qd3 h6 23.Qd7 Nf6
24.Qb7 Ng4 25.h3 Nxe5 26.Qxe7 Nc4 27.b3 Rc7 28.Qh4 Ne3 29.Qf2 Qc5 30.a5 Rd8
31.Qe2 Rd6 32.Bd3 Rcc6 33.Re1 Nf5 34.Kh2 g6 35.Qe5 Qxe5 36.fxe5 Rd7 37.Ra4 Rd4
38.Bc4 Rc5 39.Bxa6 Rdd5 40.Bb7 Rxa5 41.Bxd5 Rxd5 42.Rxb4 Rd2 43.c3 Rc2 44.Rc4 g5
45.Ree4 Nh4 46.Rxh4 gxh4 47.b4 Kf8 48.b5 Rb2 49.Rb4 Rxb4 50.cxb4 Ke7 51.Kg1 Kd7
52.Kf2 Kc7 53.Ke3 Kb6 54.Kd4 Kxb5 55.Kc3  1-0

[Event "HUN-chT1 9596"]
[Site "HUN"]
[Date "1995.??.??"]
[Round "6"]
[White "Pergel, Laszlo"]
[Black "Tegzes, Laszlo"]
[Result "1/2-1/2"]
[WhiteElo "2145"]
[BlackElo "2200"]

1.e4 c5 2.Nf3 e6 3.Nc3 Nc6 4.d4 cxd4 5.Nxd4 Nf6 6.g3 Bb4 7.Bg2 d5 8.exd5 Nxd5
9.O-O O-O 10.Nxd5 exd5 11.c3 Be7 12.Ne2 Bg4 13.h3 Be6 14.Nf4 Qd7 15.Nxd5 Rad8
16.Nxe7+ Qxe7 17.Qe2 Qd7 18.Kh2 Bf5 19.Qh5 Bg6 20.Qh4 Qd3 21.Bg5 f6 22.Be3 Ne5
23.Bd4 Nf3+ 24.Bxf3 Qxf3 25.Qg4 Qxg4 26.hxg4 a6 27.Rad1 Be4 28.Rde1 Rfe8
29.Re3 Bc6 30.Rfe1 Rxe3 31.Rxe3 Re8 32.Rxe8+ Bxe8 33.f3 Kf7 34.Kg2 Ke6 35.Kf2 Bc6
36.Ke3 Bd5 37.b3 g6 38.c4 Bc6 39.Bb6 Bd7 40.Kf4 Bc6 41.Bd8 Bd7 42.Ke3 Bc6
43.g5 fxg5 44.Bxg5 Kf5 45.Bd8 h5 46.f4 Ke6 47.Kd4 Kd7 48.Bf6 Kc8 49.Kc5 Be4
50.b4 Bb1 51.a3 Bc2 52.b5 axb5 53.Kxb5 Bd3 54.Be5 Be4 55.a4 Bf3 56.Kb6 Bg2
57.a5 Kd7 58.c5 Bf3 59.Bd4 Bg2 60.Bf2 Bf3 61.Bd4 Bg2  1/2-1/2

[Event "HUN-chT2 9596"]
[Site "HUN"]
[Date "1995.??.??"]
[Round "6"]
[White "Gara, Ticia"]
[Black "Albert, Kornelia"]
[Result "1/2-1/2"]
[WhiteElo "2005"]
[BlackElo "2110"]

1.e4 c5 2.Nf3 e6 3.d4 cxd4 4.Nxd4 Nc6 5.Nc3 Qc7 6.Be2 a6 7.O-O Nf6 8.Be3 Bb4
9.f3 Bxc3 10.bxc3 d5 11.Nxc6 bxc6 12.Bg5 Nd7 13.Qd4 O-O 14.exd5 cxd5 15.c4 Bb7
16.cxd5 Bxd5 17.c4 Bb7 18.Rfd1 Nc5 19.Bf4 Qc6 20.Bd6 Rfc8 21.Rab1 Nd7 22.Qb2 Ra7
23.Bg3 Ba8 24.Qd4 Qc5 25.Qxc5 Nxc5 26.Bf2 Rac7 27.Bxc5 Rxc5 28.Rd7 Kf8 29.Rbd1 Bc6
30.R7d6 Ke7 31.Kf2 Ra5 32.R1d2 Bd5 33.c5 Rcxc5 34.Rxa6 Rxa6 35.Bxa6 Ra5 36.Be2 Rxa2
37.Rxa2 Bxa2 38.Ke3 f5 39.f4 Kf6 40.Kd4 h6 41.h4 g5 42.hxg5+ hxg5 43.fxg5+ Kxg5
44.Ke5 f4 45.Bf3 Bc4 46.Kd4 Bf1 47.Ke5  1/2-1/2

[Event "Ilioupolis"]
[Site "Ilioupolis"]
[Date "1995.??.??"]
[Round "9"]
[White "Pavlovic, Milos"]
[Black "Kalesis, Nikolaos"]
[Result "0-1"]
[WhiteElo "2505"]
[BlackElo "2410"]

1.e4 c5 2.Nf3 e6 3.d4 cxd4 4.Nxd4 Nc6 5.Nc3 Qc7 6.Be2 a6 7.O-O Nf6 8.Kh1 Be7
9.f4 d6 10.a4 O-O 11.Be3 Re8 12.Nb3 b6 13.Qe1 Na5 14.Qf2 Rb8 15.Nd2 Nd7 16.Rad1 Bb7
17.e5 dxe5 18.fxe5 Nxe5 19.Qg3 f6 20.Bh6 Bd8 21.Nde4 Ng6 22.Rxd8 Qxd8 23.Bh5 Bxe4
24.Nxe4 Rf8 25.Bxg6 hxg6 26.Qxg6 Rb7 27.h3 Nc4 28.Bf4 e5 29.Bg5 Rbf7 30.Qh5 Qe7
31.Rf5  0-1

[Event "ISL-chT"]
[Site "Island"]
[Date "1995.??.??"]
[Round "?"]
[White "Bjornsson, Tomas"]
[Black "Gudmundsson, Elvar"]
[Result "1/2-1/2"]
[WhiteElo "2275"]
[BlackElo "2325"]

1.e4 c5 2.Nf3 e6 3.d4 cxd4 4.Nxd4 Nc6 5.Nc3 Qc7 6.g3 d6 7.Bg2 Bd7 8.O-O Rd8
9.Bg5 Nf6 10.Re1 Be7 11.Bxf6 gxf6 12.Qd2 Nxd4 13.Qxd4 Qc5 14.Qd2 O-O 15.Ne2 Kh8
16.Nd4 Rc8 17.c3 Rfd8 18.Kh1 Bf8 19.Rad1 a5 20.f4 a4 21.a3 Ra8 22.Nc2 Rab8
23.Nb4 f5 24.exf5 Qxf5 25.Qd4+ Kg8 26.Be4 Qg4 27.Rf1 Bb5 28.c4 Bg7 29.Qd3 Bc6
30.Rde1 Bxe4+ 31.Rxe4 Qf5 32.Qe2 Qf6 33.Rf2 Rbc8 34.f5 exf5 35.Nd5 Qxb2 36.Qxb2 Bxb2
37.Ree2 Bxa3 38.Ne7+ Kg7 39.Nxc8 Rxc8 40.Ra2 Bc5 41.Rxf5 a3 42.Kg2 Kg6 43.Rf3 Ra8
44.Rb3 b6 45.Kf3 Kf5 46.g4+ Ke5 47.Re2+ Kf6 48.Ra2 Ra4 49.Rc3 Ke5 50.Ke2 d5
51.cxd5 Rxg4 52.Rg3 Rxg3 53.hxg3 Kxd5 54.Kd3 Ke5 55.Rh2 Bd4  1/2-1/2

[Event "ITA-chT"]
[Site "Italy"]
[Date "1995.??.??"]
[Round "?"]
[White "De Eccher, Stefano"]
[Black "Vancini, Edoardo"]
[Result "1/2-1/2"]
[WhiteElo "2280"]
[BlackElo "2300"]

1.e4 c5 2.Nf3 e6 3.d4 cxd4 4.Nxd4 Nc6 5.Nc3 Qc7 6.g3 d6 7.Bg2 a6 8.O-O Bd7
9.Re1 Be7 10.Nxc6 Bxc6 11.Qg4 h5 12.Qe2 b5 13.b3 Bb7 14.Bb2 Bf6 15.e5 Bxe5
16.Bxb7 Qxb7 17.Ne4 Nf6 18.Bxe5 Nxe4 19.Qxe4 Qxe4 20.Rxe4 dxe5 21.a4 Kd7
22.axb5 axb5 23.Rxa8 Rxa8 24.Rxe5 h4 25.gxh4 Kc6 26.h5 Ra7 27.Rg5 f6 28.Rg6 Kd5
29.c3 Rc7 30.Kg2 Ke4 31.h6 gxh6 32.Rxf6 Rxc3 33.Rxe6+ Kf4 34.b4 Rc4 35.Rxh6 Kg5
36.Rh8 Rxb4 37.Kg3 Rb1 38.h4+ Kf5 39.Rf8+ Kg6 40.Rb8 Rb3+ 41.Kg4 Rb1 42.h5+ Kf6
43.Rb6+ Kg7 44.Kg5 b4 45.Rb7+ Kg8 46.f4 b3 47.f5 b2 48.Kf6 Kh8 49.h6 Kg8
50.Rg7+ Kh8 51.Rb7 Kg8 52.h7+ Kh8 53.Rb3 Kxh7 54.Kf7 Kh6 55.f6 Ra1 56.Rxb2 Ra7+  1/2-1/2

[Event "ITA-chT"]
[Site "Italy"]
[Date "1995.??.??"]
[Round "?"]
[White "Lucaroni, Massimiliano"]
[Black "Fercec, Nenad"]
[Result "1/2-1/2"]
[WhiteElo "2280"]
[BlackElo "2410"]

1.e4 c5 2.Nc3 Nc6 3.Nf3 e6 4.d4 cxd4 5.Nxd4 Nf6 6.Be3 Bb4 7.Bd3 d5 8.Nxc6 bxc6
9.e5 d4 10.exf6 dxe3 11.fxg7 exf2+ 12.Kf1 Rg8 13.Qg4 Bxc3 14.bxc3 Qf6 15.Qc4 Bd7
16.Be4 Rc8 17.Rb1 Rxg7 18.Rb7 Qe5 19.Qd4 Qxd4 20.cxd4 Rg4 21.Bf3 Rxd4 22.Kxf2 a5
23.Rd1 c5 24.Ra7 Bc6 25.Bxc6+ Rxc6 26.Rd3 Rcd6 27.Rxa5 Rxd3 28.cxd3 Rxd3
29.Rxc5 Rd2+ 30.Kf3 Rxa2 31.Rh5 Ke7 32.Rxh7 e5 33.g4 Ra3+ 34.Ke4 Ra4+ 35.Kxe5  1/2-1/2

[Event "Katowice op"]
[Site "Katowice"]
[Date "1995.??.??"]
[Round "4"]
[White "Blehm, Pawel"]
[Black "Staniszewski, Piotr"]
[Result "0-1"]
[WhiteElo "2210"]
[BlackElo "2415"]

1.e4 c5 2.Nf3 e6 3.d4 cxd4 4.Nxd4 Nc6 5.Nc3 d6 6.Be3 Nf6 7.f3 Be7 8.Qd2 a6
9.g4 O-O 10.O-O-O Nxd4 11.Bxd4 b5 12.h4 Qa5 13.Kb1 b4 14.Ne2 e5 15.Be3 Be6
16.Nc1 d5 17.g5 d4 18.gxf6 dxe3 19.Qxe3 Bxf6 20.Bh3 Bxh3 21.Rxh3 Rfd8 22.Rg1 Rac8
23.Nd3 Rd4 24.f4 Qc7 25.Qe2 exf4 26.Rf3 Rxe4 27.Qd2 Bd4 28.Rgf1 Be3  0-1

[Event "Katowice op"]
[Site "Katowice"]
[Date "1995.??.??"]
[Round "4"]
[White "Dubiel, Jacek"]
[Black "Gorjatschkin, Wjatscheslaw"]
[Result "1-0"]
[WhiteElo "2370"]
[BlackElo "2440"]

1.e4 c5 2.Nf3 e6 3.d4 cxd4 4.Nxd4 Nc6 5.Nc3 Qc7 6.Be2 a6 7.O-O Nf6 8.Kh1 Nxd4
9.Qxd4 Bc5 10.Qd3 b5 11.f4 Bb7 12.Bf3 h5 13.e5 Ng4 14.Bxb7 Qxb7 15.a4 b4
16.Ne4 Rc8 17.Bd2 Nh6 18.Rad1 Be7 19.c3 bxc3 20.Bxc3 Nf5 21.Rfe1 h4 22.h3 Rh6
23.Rd2 Rg6 24.Kh2 Qc6 25.a5 Rd8 26.Bd4 d5 27.exd6 Bxd6 28.Nxd6+ Nxd6 29.Bb6 Rc8
30.Qxa6 Qc4 31.Qxc4 Nxc4 32.Rc1 Nxb6 33.axb6 Rb8 34.Rd6 Ke7 35.Rdc6 Rf6 36.Rc7+ Kd6
37.Rd1+  1-0

[Event "Katowice op"]
[Site "Katowice"]
[Date "1995.??.??"]
[Round "8"]
[White "Bursteinas, Romanas"]
[Black "Gorjatschkin, Wjatscheslaw"]
[Result "0-1"]
[WhiteElo "2265"]
[BlackElo "2440"]

1.e4 c5 2.Nf3 e6 3.d4 cxd4 4.Nxd4 Nc6 5.Nc3 Qc7 6.Be3 a6 7.Be2 Nf6 8.O-O Bb4
9.Nxc6 bxc6 10.Qd4 Bd6 11.h3 O-O 12.Na4 Be5 13.Qc4 a5 14.Bb6 Qb8 15.Bd3 Ba6
16.Qb3 d5 17.Bxa6 Rxa6 18.Bc5 Rc8 19.Qd3 Qb7 20.Bd4 Bxd4 21.Qxd4 Nxe4 22.f3 c5
23.Qe3 Ng3 24.Rf2 Nf5 25.Qf4 Qb4 26.Qxb4 axb4 27.b3 c4 28.Nb2 h5 29.g4 hxg4
30.hxg4 Nd6 31.Kg2 Nb5 32.Nd1 Nd4 33.Ne3 cxb3 34.cxb3 Nxb3 35.Rb1 Nc1  0-1

[Event "Kemerovo2"]
[Site "Kemerovo"]
[Date "1995.??.??"]
[Round "9"]
[White "Nevostrujev, Vladimir"]
[Black "Makarov, Marat"]
[Result "1/2-1/2"]
[WhiteElo "2410"]
[BlackElo "2520"]

1.e4 c5 2.Nf3 Nc6 3.d4 cxd4 4.Nxd4 e6 5.Nc3 Qc7 6.g3 a6 7.Bg2 Nf6 8.O-O Be7
9.Re1 O-O 10.Nxc6 dxc6 11.e5 Rd8 12.Qe2 Nd5 13.Bd2 Nxc3 14.Bxc3 Bd7 15.Qe4 Rab8
16.Qa4 Qc8 17.Qb3 b6 18.Qc4 c5 19.Qe4 Qc7  1/2-1/2

[Event "Platonov mem"]
[Site "Kiev"]
[Date "1995.??.??"]
[Round "3"]
[White "Timoshenko, Georgy"]
[Black "Frolov, Artur"]
[Result "1/2-1/2"]
[WhiteElo "2550"]
[BlackElo "2520"]

1.e4 c5 2.Nf3 e6 3.d4 cxd4 4.Nxd4 Nc6 5.Nc3 d6 6.Be2 a6 7.O-O Nge7 8.Be3 Nxd4
9.Qxd4 Nc6 10.Qb6 Qxb6 11.Bxb6 Bd7 12.Rad1 Rc8 13.f4 Rg8  1/2-1/2

[Event "Kishinev Interzonal (Women)"]
[Site "Kishinev"]
[Date "1995.??.??"]
[Round "11"]
[White "Arakhamia, Ketevan"]
[Black "Bojkovic, Natasa"]
[Result "1-0"]
[WhiteElo "2420"]
[BlackElo "2425"]

1.e4 c5 2.Nf3 e6 3.d4 cxd4 4.Nxd4 Nc6 5.Nc3 Qc7 6.Be2 a6 7.O-O Nf6 8.Kh1 Nxd4
9.Qxd4 Bc5 10.Qd3 b5 11.Bg5 Bb7 12.Bf3 Rb8 13.Rad1 d6 14.a3 Nd7 15.Be2 f6
16.Bc1 Ne5 17.Qh3 Qe7 18.f4 Nf7 19.Bg4 Bc8 20.f5 Ne5 21.Bh5+ g6 22.Bxg6+ Nxg6
23.fxg6 Qg7 24.Bh6 Qxg6 25.Rd3 Qf7 26.Rg3 Rg8 27.Rxg8+ Qxg8 28.Rxf6 Kd7 29.Qf3 Kc7
30.Ne2 Bd7 31.b4 Bb6 32.Rf7 Rd8 33.h4 Re8 34.Qc3+ Kb8 35.Rxd7 Qg4 36.Bf4 Qxh4+
37.Bh2 Rf8 38.Ng1 Rf1 39.Qh8+  1-0

[Event "Kishinev Interzonal (Women)"]
[Site "Kishinev"]
[Date "1995.??.??"]
[Round "13"]
[White "Lu Xiaosha"]
[Black "Zhukova, Natalia"]
[Result "1/2-1/2"]
[WhiteElo "2280"]
[BlackElo "2360"]

1.e4 c5 2.Nf3 Nc6 3.d4 cxd4 4.Nxd4 e6 5.Nc3 a6 6.Nxc6 bxc6 7.Be2 d5 8.O-O Nf6
9.e5 Nd7 10.f4 Be7 11.Na4 O-O 12.c4 f6 13.Bg4 Nb6 14.Nxb6 Qxb6+ 15.Kh1 fxe5
16.fxe5 Rxf1+ 17.Qxf1 Qd4 18.Qf4 Bc5 19.Bd2 Bd7 20.Qxd4 Bxd4 21.Bc3 Bxc3
22.bxc3 Rb8 23.Rd1 Rb2 24.cxd5 cxd5 25.c4 Rb4 26.Be2 Bc6 27.cxd5 Bxd5 28.Bxa6 Ra4
29.Bf1 Rxa2 30.Kg1 Kf7 31.Rc1 Kg6 32.Bd3+ Kg5 33.Rc2 Rxc2 34.Bxc2 h6 35.g3 Kg4
36.Kf2 Kh3 37.Kg1 Kg4 38.Kf2 Kh3  1/2-1/2

[Event "Krasnodar"]
[Site "Krasnodar"]
[Date "1995.??.??"]
[Round "2"]
[White "Berelovich, Aleksandar"]
[Black "Poluljahov, Aleksandr"]
[Result "1/2-1/2"]
[WhiteElo "2485"]
[BlackElo "2450"]

1.e4 c5 2.Nf3 Nc6 3.d4 cxd4 4.Nxd4 e6 5.Nc3 Qc7 6.Be2 a6 7.f4 b5 8.Nxc6 Qxc6
9.Bf3 Bb7 10.Be3 Qc4 11.Qd3 Rc8 12.O-O-O Nf6 13.e5 Bxf3 14.gxf3 b4 15.Na4 Nd5
16.Qxc4 Rxc4 17.Rxd5 exd5 18.Rd1 Rc6 19.Rxd5 d6 20.Kd2 Be7 21.Kd3 O-O 22.c4 bxc3
23.Nxc3 dxe5 24.fxe5 f6 25.f4 fxe5 26.fxe5 Kf7 27.Ke4 Rd8 28.Rxd8 Bxd8 29.Kd5 Rg6
30.Ne4 Rg2 31.e6+ Kf8 32.Bd4 Rxh2 33.a4 Be7 34.Nc5 Rd2 35.b4 Bd8 36.b5 axb5
37.axb5 Ke7 38.Ne4 Rd1 39.Nc3 Rd3 40.Ke4 Rxd4+ 41.Kxd4 Kxe6 42.Nd5 Kf5 43.b6 Bxb6+
44.Nxb6 Kf4 45.Nd5+ Kf3 46.Ke5 h5 47.Kf5  1/2-1/2

[Event "Krasnodar"]
[Site "Krasnodar"]
[Date "1995.??.??"]
[Round "5"]
[White "Beshukov, Sergei"]
[Black "Tregubov, Pavel V"]
[Result "1/2-1/2"]
[WhiteElo "2500"]
[BlackElo "2515"]

1.e4 c5 2.Nf3 e6 3.d4 cxd4 4.Nxd4 Nc6 5.Nc3 Qc7 6.Be2 a6 7.O-O Nf6 8.Kh1 Nxd4
9.Qxd4 Bc5 10.Qd3 h5 11.f4 Ng4 12.e5 d5 13.exd6 Qxd6 14.Qxd6 Bxd6 15.Ne4 Be7
16.h3 Nf6 17.Bf3 Rb8 18.Be3 Bd7 19.Bd4 Rc8 20.c3 Bc6 21.Nxf6+ Bxf6 22.Rad1 Bxd4
23.Rxd4 Ke7 24.Bxc6 Rxc6 25.Rfd1  1/2-1/2

[Event "Krasnodar"]
[Site "Krasnodar"]
[Date "1995.??.??"]
[Round "7"]
[White "Gaponenko, Inna"]
[Black "Tregubov, Pavel V"]
[Result "0-1"]
[WhiteElo "2390"]
[BlackElo "2515"]

1.e4 c5 2.Nf3 e6 3.d4 cxd4 4.Nxd4 Nc6 5.Nc3 Qc7 6.Be3 a6 7.Nb3 Nf6 8.f4 d6
9.a4 Na5 10.Nxa5 Qxa5 11.Bd3 Bd7 12.O-O Be7 13.Kh1 Bc6 14.Qe1 Rc8 15.Bd2 Qc7
16.Qg3 h5 17.Rae1 h4 18.Qh3 Nd7 19.f5 exf5 20.Qxf5 Ne5 21.Nd5 Qd7 22.Nxe7 Kxe7
23.Qg5+ Kf8 24.Bc3 Qe7 25.Qxe7+ Kxe7 26.Bxe5 dxe5 27.b3 Rcd8 28.Kg1 Rd4 29.Kf2 Rh6
30.Ke3 Rg6 31.c3 Rd8 32.Rf2 Rgd6 33.Rd2 g6 34.Red1 Rf8 35.Rf1 a5 36.Bc2 Rfd8
37.Rfd1 Rxd2 38.Rxd2 Rxd2 39.Kxd2 Ke6 40.Ke3 f5 41.g3 hxg3 42.hxg3 Kf6 43.b4 b6
44.bxa5 bxa5 45.c4 fxe4 46.c5 g5 47.Bb3 Ke7 48.Kf2 Kd7 49.Ke3 Kc7 50.g4 Kb7
51.Be6 Kc7 52.Bb3 Kd7 53.Kf2 e3+ 54.Kxe3 Bg2 55.Bc2 Bd5 56.Bd1 Kc6 57.Kd3 Kxc5
58.Kc3 Bc6 59.Bc2 Bd7 60.Bd1 e4 61.Bc2 Kd5 62.Bd1 Ke5 63.Kc4 Kf4  0-1

[Event "Kuopio op2"]
[Site "Kuopio"]
[Date "1995.??.??"]
[Round "?"]
[White "Rantanen, Yrjo A"]
[Black "Kiik, Kalle"]
[Result "1-0"]
[WhiteElo "2340"]
[BlackElo "2410"]

1.e4 c5 2.Nf3 e6 3.d4 cxd4 4.Nxd4 Nc6 5.Nc3 Qc7 6.f4 Nxd4 7.Qxd4 a6 8.Na4 b5
9.Nb6 Rb8 10.Nxc8 Rxc8 11.Bd3 Nf6 12.b4 Bd6 13.e5 Be7 14.Bd2 Nd5 15.a4 a5
16.bxa5 Bc5 17.Qe4 b4 18.a6 g6 19.Rf1 O-O 20.Rf3 f5 21.exf6 Rxf6 22.Qe5 Bd6
23.Qg5 Rcf8 24.g3 Qc6 25.Qg4 R6f7 26.Rf1 Qc5 27.Qf3 e5 28.Qe4 Nf6 29.Qb7 exf4
30.O-O-O Qd4 31.Kb1 Be5 32.c3 bxc3 33.Bxc3  1-0

[Event "Kuopio op1"]
[Site "Kuopio"]
[Date "1995.??.??"]
[Round "?"]
[White "Wallace, John Paul"]
[Black "Kiik, Kalle"]
[Result "1/2-1/2"]
[WhiteElo "2345"]
[BlackElo "2410"]

1.e4 c5 2.Nf3 e6 3.d4 cxd4 4.Nxd4 Nc6 5.Nc3 d6 6.Be3 Nf6 7.Qd2 Be7 8.f3 O-O
9.g4 a6 10.O-O-O Nxd4 11.Bxd4 b5 12.g5 Nd7 13.h4 Bb7 14.a3 Rc8 15.f4 e5 16.Be3 exf4
17.Bxf4 Nc5 18.Bg2 Qb6 19.Kb1 Rfd8 20.Nd5 Bxd5 21.Qxd5 b4 22.axb4 Qxb4 23.Bd2 Qb6
24.Rhf1 Rf8 25.Rf3 Rb8 26.Bc1 Nd7 27.Bf1 Ne5 28.Ra3 Rfc8 29.Rxa6 Qf2 30.Qd2 Qxh4
31.Ra7 Bf8 32.Ba6 Rc5 33.Qg2 Qh5 34.Be2 Qg6 35.Rh1 Rb4 36.Rh4 d5 37.Bh5 Qb6
38.Ra8 Qb7 39.Ra2 d4 40.Be2 g6 41.Rh2 Bg7 42.Rh3 Qc8 43.Ba6 Rxc2 44.Qxc2 Qxh3
45.Bc8 Qf1 46.Ra8 Bf8 47.Ba6 Nc4 48.Ka2 d3 49.Bxc4 dxc2 50.Bxf1 Rxe4 51.Kb3 Re1
52.Kxc2 Rxf1 53.Bd2 f6 54.gxf6 Rxf6 55.Bh6 g5 56.Bxg5 Rc6+ 57.Kd3 Kg7 58.Rb8 Bd6  1/2-1/2